<?xml version="1.0" encoding="UTF-8"?>
<resp>
  <nextPage>https://data.bn.org.pl/api/networks/bibs.marcxml?marc=001+b00001150003571&amp;sinceId=1150003572</nextPage>
  <collection>
    <record xmlns='http://www.loc.gov/MARC21/slim'><leader>01025namZa2200325ZiZ4500</leader><controlfield tag='001'>b00001150003571</controlfield><controlfield tag='005'>20260403094914.9</controlfield><controlfield tag='008'>230609s        pl           |000 0 pol c</controlfield><controlfield tag='009'>9913261749105606</controlfield><datafield ind1=' ' ind2=' ' tag='020'><subfield code='a'>8323795916</subfield></datafield><datafield ind1=' ' ind2=' ' tag='035'><subfield code='a'>KR_1KR_1_20120317231449062992-48omnis_kr</subfield></datafield><datafield ind1=' ' ind2=' ' tag='035'><subfield code='a'>KR_1_20120317231449062992</subfield><subfield code='9'>ExL</subfield></datafield><datafield ind1=' ' ind2=' ' tag='035'><subfield code='a'>(PL)b00001150003571</subfield></datafield><datafield ind1=' ' ind2=' ' tag='040'><subfield code='a'>KR_1</subfield><subfield code='c'>KR_1</subfield></datafield><datafield ind1='1' ind2=' ' tag='041'><subfield code='a'>pol</subfield><subfield code='h'>eng</subfield></datafield><datafield ind1='1' ind2=' ' tag='100'><subfield code='a'>Chapman, Keith</subfield></datafield><datafield ind1='1' ind2='0' tag='245'><subfield code='a'>Wiadro Boba /</subfield><subfield code='c'>[Keith Chapman ; tł. Katarzyna Precigs].</subfield></datafield><datafield ind1=' ' ind2=' ' tag='260'><subfield code='a'>W-wa :</subfield><subfield code='b'>Egmont Polska,</subfield><subfield code='c'>2004.</subfield></datafield><datafield ind1=' ' ind2=' ' tag='300'><subfield code='a'>[24] s. :</subfield><subfield code='b'>il. kolor. ;</subfield><subfield code='c'>20x20 cm.</subfield></datafield><datafield ind1='1' ind2=' ' tag='490'><subfield code='a'>Bob Budowniczy</subfield></datafield><datafield ind1=' ' ind2=' ' tag='500'><subfield code='a'>d</subfield></datafield><datafield ind1=' ' ind2='0' tag='650'><subfield code='a'>Opowiadanie dziecięce amerykańskie</subfield><subfield code='y'>21 w.</subfield></datafield><datafield ind1='1' ind2=' ' tag='700'><subfield code='a'>Precigs, Katarzyna</subfield><subfield code='e'>Tł.</subfield></datafield><datafield ind1=' ' ind2=' ' tag='852'><subfield code='b'>48OMNIS_NETWORK</subfield><subfield code='8'>9913261749105606</subfield></datafield><datafield ind1=' ' ind2=' ' tag='852'><subfield code='b'>48OMNIS_LUK1</subfield><subfield code='8'>991000691368407906</subfield></datafield><datafield ind1=' ' ind2=' ' tag='852'><subfield code='8'>2213851730007906</subfield><subfield code='j'>1</subfield><subfield code='b'>LUK1_3_1</subfield><subfield code='p'>712000063922</subfield><subfield code='c'>ALEK_KS</subfield></datafield><datafield ind1=' ' ind2=' ' tag='920'><subfield code='a'>83-237-9591-6</subfield></datafield></record>
  </collection>
</resp>
